书目信息 |
| 题名: |
郑板桥诗文书画
|
|
| 作者: | 郑板桥 著 | |
| 分册: | 上 | |
| 出版信息: | 北京 民族出版社 2004.01 |
|
| 页数: | 326页 | |
| 开本: | 20cm | |
| 丛书名: | 中华传统文化精粹 | |
| 单 册: | ||
| 中图分类: | J222.6 | |
| 科图分类: | ||
| 主题词: | 绘画--中国 | |
| 电子资源: | ||
| ISBN: | 7-105-05972-9 | |
| 000 | 00632nam0 2200217 450 | |
| 001 | 0735140890 | |
| 005 | 20070321100651.70 | |
| 010 | @a7-105-05972-9@dCNY21.00 | |
| 100 | @a20070321d2004 km y0chiy0120 ea | |
| 101 | 0 | @achi |
| 102 | @aCN@b110000 | |
| 200 | 1 | @a郑板桥诗文书画@Azheng ban qiao shi wen shu hua@h上@f(清)郑板桥著@F(qing)zheng ban qiao zhu |
| 210 | @a北京@c民族出版社@d2004.01 | |
| 215 | @a326页@d20cm | |
| 225 | 2 | @a中华传统文化精粹 |
| 410 | 0 | @12001 @a中华传统文化精粹 |
| 606 | 0 | @a绘画@x中国 |
| 690 | @aJ222.6@v3 | |
| 701 | 0 | @a郑板桥@Azheng ban qiao@4著 |
| 801 | 0 | @aCN@c20070321 |
| 905 | @a10447@dJ222.6@eZ427:1 | |
| 郑板桥诗文书画.上/(清)郑板桥著.-北京:民族出版社,2004.01 |
| 326页;20cm.-(中华传统文化精粹) |
| ISBN 7-105-05972-9:CNY21.00 |
| ● |
| 相关链接 |
|
|
|
正题名:郑板桥诗文书画
索取号:J222.6/Z427:1
 
预约/预借
| 序号 | 登录号 | 条形码 | 馆藏地/架位号 | 状态 | 备注 |
| 1 | 446709 | 204467095 | 社科库309/309社科库 75排1列5层/ [索取号:J222.6/Z427:1] | 在馆 | |
| 2 | 446711 | 204467111 | 社科库309/309社科库 75排1列5层/ [索取号:J222.6/Z427:1] | 在馆 |